[Event "Sachsen-ch Seniors op"]
[Site "Dresden"]
[Date "2016.11.02"]
[Round "3"]
[White "Kretschmer, Wolfgang"]
[Black "Bischof, Peter"]
[Result "1-0"]
[WhiteElo "1573"]
[BlackElo "2102"]
[PlyCount "121"]
[EventDate "2016.10.31"]
[EventType "swiss"]
[EventRounds "9"]
[EventCountry "GER"]
[SourceTitle "EXT 2019"]
[Source "ChessBase"]
[SourceDate "2018.10.10"]
[SourceVersion "1"]
[SourceVersionDate "2018.10.10"]
[SourceQuality "1"]

1. d4 Nf6 2. c4 e5 3. dxe5 Ne4 4. Nf3 Nc6 5. Nc3 Nc5 6. g3 d6 7. exd6 Bxd6 8. Bg2 Qe7 9. 0-0 Bf5 10. e4 Bg4 11. Qc2 0-0-0 12. Re1 Nb4 13. Qb3 Nbd3 14. Rf1 Ne5 15. a3 Ncd3 16. Rb1 Qf6 17. Ne1 Nxc1 18. Rxc1 Be2 19. c5 Be7 20. f4 Nd3 21. e5 Qa6 22. Nxd3 Rxd3 23. Qc2 Rhd8 24. Ne4 R3d4 25. Rfe1 Bd3 26. Qb3 Bc4 27. Qf3 Bd5 28. Rc3 Qc6 29. Qe3 Bxe4 30. Bxe4 Qb5 31. b4 Rd1 32. Kf2 R8d2+ 33. Re2 Rxe2+ 34. Qxe2 Qxe2+ 35. Kxe2 Rd8 36. Bxh7 c6 37. Bc2 g5 38. h3 Rh8 39. Bf5+ Kc7 40. e6 fxe6 41. Bxe6 gxf4 42. gxf4 Bf6 43. Re3 Re8 44. f5 Bg5 45. Rg3 Bf6 46. a4 b6 47. cxb6+ axb6 48. Kf3 Ra8 49. Bb3 Bc3 50. Rg4 Rf8 51. Rc4 Bb2 52. Kg4 Rd8 53. b5 Rd4+ 54. Kg5 Rxc4 55. Bxc4 cxb5 56. axb5 Kd7 57. f6 Ke8 58. h4 Kf8 59. Kg6 Bd4 60. h5 Be3 61. h6 1-0